Principios de derecho natural : sumariamente expuestos / (Record no. 68794)

MARC details
000 -LEADER
campo de control de longitud fija 01143nam a2200277 i 4500
001 - NÚMERO DE CONTROL
campo de control 68794
003 - IDENTIFICADOR DE NÚMERO DE CONTROL
campo de control ES-MaACL
005 - FECHA Y HORA DE LA ÚLTIMA TRANSACCIÓN
campo de control 20250831121447.0
007 - CAMPO FIJO DE DESCRIPCIÓN FÍSICA--INFORMACIÓN GENERAL
campo de control de longitud fija t|
008 - DATOS DE LONGITUD FIJA--INFORMACIÓN GENERAL
campo de control de longitud fija 940301q1874 sp |||| | spa d
080 ## - NÚMERO DE LA CLASIFICACIÓN DECIMAL UNIVERSAL
Número de la Clasificación Decimal Universal 340
100 1# - ENTRADA PRINCIPAL--NOMBRE DE PERSONA
Nombre de persona Giner de los Ríos, Francisco,
Fechas asociadas al nombre 1839-1915
9 (RLIN) 57122
245 10 - MENCIÓN DEL TÍTULO
Título Principios de derecho natural : sumariamente expuestos /
Mención de responsabilidad, etc. por Francisco Giner y Alfredo Calderón.
260 ## - PUBLICACIÓN, DISTRIBUCIÓN, ETC.
Lugar de publicación, distribución, etc. Madrid :
Nombre del editor, distribuidor, etc. [s.n.],
Fecha de publicación, distribución, etc. [ca. 1874] (
Fabricante Imp. de la Biblioteca de Instrucción y Recreo)
300 ## - DESCRIPCIÓN FÍSICA
Extensión VII, 290 p. ;
Dimensiones 18 cm.
500 ## - NOTA GENERAL
Nota general Palau VI, 197 lo fecha en 1874.
530 ## - NOTA DISPONIBLE DE FORMULARIO FÍSICO ADICIONAL
Nota de formato físico adicional disponible Disponible en formato digital.
594 ## - Nota al título y mención de responsabilidad
Nota al título y mención de responsabilidad Precede al tít.: Prolegómenos del derecho.
650 #7 - PUNTO DE ACCESO ADICIONAL DE MATERIA--TÉRMINO DE MATERIA
Término de materia o nombre geográfico como elemento de entrada Derecho natural
Fuente del encabezamiento o término embne
9 (RLIN) 11744
650 #4 - PUNTO DE ACCESO ADICIONAL DE MATERIA--TÉRMINO DE MATERIA
Término de materia o nombre geográfico como elemento de entrada Derecho-
Subdivisión general Filosofía
9 (RLIN) 11620
700 1# - ENTRADA AGREGADA--NOMBRE PERSONAL
Nombre de persona Calderón, Alfredo,
Fechas asociadas al nombre 1850-1907
9 (RLIN) 33593
852 4# - LOCALIZACIÓN
Ubicación ES-MaACL
Número de control de estantería G-15329
856 4# - LOCALIZACIÓN Y ACCESO ELECTRÓNICOS
Identificador Uniforme de Recursos <a href="http://bdh-rd.bne.es/viewer.vm?id=0000201502&page=1 ">http://bdh-rd.bne.es/viewer.vm?id=0000201502&page=1 </a>
Nota pública Biblioteca Digital Hispánica
856 4# - LOCALIZACIÓN Y ACCESO ELECTRÓNICOS
Identificador Uniforme de Recursos <a href="http://weblioteca.uv.es/bdigital/UV1/4_785/00000002.jpg ">http://weblioteca.uv.es/bdigital/UV1/4_785/00000002.jpg </a>
Nota pública Repositori d'Objectes Digitals per a l'Ensenyament, la Recerca i la Cultura
Holdings
Estatus retirado Estado de pérdida Estado de daño No para préstamo Colección Biblioteca de origen Biblioteca actual Ubicación en estantería Fecha de adquisición Fuente de adquisición Total de préstamos Signatura topográfica completa Código de barras Visto por última vez Precio de reemplazo Tipo de ítem Koha
        Colección digital Biblioteca del Ateneo de Madrid Biblioteca del Ateneo de Madrid Sala Pecera Planta 3 17/01/2008     G-15329 1072028 23/02/2023 23/02/2023 Libro impreso antiguo